| 000 | 06233cam a22019694i 4500 | ||
|---|---|---|---|
| 003 | PE-LiUPU | ||
| 005 | 20250813165408.0 | ||
| 008 | 161228s2016 ag r 000 0 spa d | ||
| 020 | _a9500606747 | ||
| 020 | _a9789500606745 | ||
| 035 | _a(Sirsi) a165736 | ||
| 040 |
_aPE-LiUPU _bspa _cPE-LiUPU _erda |
||
| 041 | 1 |
_aspa _hpor |
|
| 049 | _aPRUA | ||
| 082 | 0 | 4 |
_a618.9201 _bT18 _220 |
| 100 | 1 |
_aTamez, Raquel Nascimento, _eautor. |
|
| 245 | 1 | 0 |
_aEnfermería en la unidad de cuidados intensivos neonatal : _basistencia del recién nacido de alto riesgo / _cRaquel Nascimento Tamez. |
| 250 | _a5a. edición. | ||
| 264 | 1 |
_aBuenos Aires : _bMédica Panamericana, _c2016. |
|
| 300 |
_axii, 355 paginas : _bilustraciones ; _c26 centímetros |
||
| 336 |
_atext _2rdacontent |
||
| 337 |
_aunmediated _2rdamedia |
||
| 338 |
_avolume _2rdacarrier |
||
| 504 | _aBibliografía al final de cada capítulo. | ||
| 504 | _aÍndice : páginas 349-355. | ||
| 505 | 0 | _aEstructura y organización de la unidad de cuidados intensivos neonatal -- Embarazo y parto de algo riesgo -- Reanimación neonatal -- Adminisión del recién nacido de alto riesgo -- Consideraciones espeaciales en el cuidado de la piel del recién nacido -- Traslado neonatal interhospitalario -- Control de la estabilidad térmica -- Fundamentos de la administración de medicamentos -- Control del dolor y sedación del neonatano -- Padres, miembros del equipo cuiadador -- Pérdida perinatal -- Impacto del ambienta de la UCI neonatal en el desarrollo neuropsicomotor -- Postura y contacto terapéutico -- Transtornos respiratorios -- Transtornos cardiacos -- Transtornos neurológicos -- Transtornos hidroelectrolíticos y metabólicos -- Nutrición parentenal y enteral -- Transtornos gastrointestinales -- Transtornos hemáticos -- Infección neonatal -- Cuidados preoperatorios y posoperatorios en el periodo neonatal -- Preparación de los padres para el alta hospitalaria -- Sistematización de la asistencia en la UCI neonatal. | |
| 526 | _aP203 | ||
| 526 | _aP200 | ||
| 526 | _aSEG65 | ||
| 526 | _aSEG64 | ||
| 526 | _aSEG63 | ||
| 526 | _aSEG62 | ||
| 526 | _aSEG61 | ||
| 526 | _aSEG60 | ||
| 526 | _aSEG59 | ||
| 526 | _aSEG58 | ||
| 526 | _aSEG57 | ||
| 526 | _aSEG56 | ||
| 526 | _aSEG55 | ||
| 526 | _aSEG54 | ||
| 526 | _aSEG53 | ||
| 526 | _aSEG52 | ||
| 526 | _aSEG51 | ||
| 526 | _aSEG50 | ||
| 526 | _aSEG49 | ||
| 526 | _aSEG48 | ||
| 526 | _aSEG47 | ||
| 526 | _aSEG46 | ||
| 526 | _aSEG24 | ||
| 526 | _aSEG23 | ||
| 526 | _aSEG22 | ||
| 526 | _aSEG21 | ||
| 526 | _aSEG20 | ||
| 526 | _aSEG19 | ||
| 526 | _aSEG18 | ||
| 526 | _aSEG17 | ||
| 526 | _aSEG16 | ||
| 526 | _aSEG14 | ||
| 526 | _aSEG13 | ||
| 526 | _aSEG12 | ||
| 526 | _aSEG11 | ||
| 526 | _aSEG10 | ||
| 526 | _aSEG09 | ||
| 526 | _aSEG06 | ||
| 526 | _aSEG05 | ||
| 526 | _aSEG04 | ||
| 526 | _aSEG03 | ||
| 526 | _aSEG02 | ||
| 526 | _aSEG68 | ||
| 526 | _aSEG66 | ||
| 526 | _aSEG45 | ||
| 526 | _aSEG25 | ||
| 526 | _aSEG01 | ||
| 526 | _aP163 | ||
| 526 | _aP162 | ||
| 526 | _aP161 | ||
| 526 | _aP160 | ||
| 526 | _aP159 | ||
| 526 | _aP158 | ||
| 526 | _aP157 | ||
| 526 | _aP156 | ||
| 526 | _aP155 | ||
| 526 | _aP154 | ||
| 526 | _aP153 | ||
| 526 | _aP152 | ||
| 526 | _aP151 | ||
| 526 | _aP150 | ||
| 526 | _aP149 | ||
| 526 | _aP142 | ||
| 526 | _aP141 | ||
| 526 | _aP140 | ||
| 526 | _aP139 | ||
| 526 | _aP138 | ||
| 526 | _aP137 | ||
| 526 | _aP132 | ||
| 526 | _aP131 | ||
| 526 | _aP130 | ||
| 526 | _aP126 | ||
| 526 | _aP125 | ||
| 526 | _aP124 | ||
| 526 | _aP123 | ||
| 526 | _aP115 | ||
| 526 | _aP122 | ||
| 526 | _aP121 | ||
| 526 | _aP116 | ||
| 526 | _a P114 | ||
| 526 | _aP112 | ||
| 526 | _aP111 | ||
| 526 | _aP104 | ||
| 526 | _aP103 | ||
| 526 | _aP102 | ||
| 526 | _aP101 | ||
| 526 | _aP100 | ||
| 526 | _aP96 | ||
| 526 | _aP95 | ||
| 526 | _aP93 | ||
| 526 | _aP92 | ||
| 526 | _aP91 | ||
| 526 | _aP88 | ||
| 526 | _aP83 | ||
| 526 | _aP82 | ||
| 526 | _aP79 | ||
| 526 | _aP78 | ||
| 526 | _aP75 | ||
| 526 | _aP74 | ||
| 526 | _aP71 | ||
| 526 | _aP69 | ||
| 526 | _a P51 | ||
| 526 | _aP49 | ||
| 526 | _aP48 | ||
| 526 | _aP47 | ||
| 526 | _aP33 | ||
| 526 | _aP31 | ||
| 526 | _a P30 | ||
| 526 | _aP29 | ||
| 526 | _aP27 | ||
| 526 | _aP26 | ||
| 526 | _aP25 | ||
| 526 | _aP24 | ||
| 526 | _a P22 | ||
| 526 | _aP10 | ||
| 526 | _aP09 | ||
| 526 | _a P08 | ||
| 526 | _aP06 | ||
| 526 | _aP05 | ||
| 526 | _aP04 | ||
| 526 | _aP01 | ||
| 534 |
_pTítulo original : _tEnfermagen na uti neonatal. |
||
| 541 | _g043-0021736; | ||
| 541 | _g002-00000055; | ||
| 541 | _g001-000585; | ||
| 650 | 0 | 4 | _aNeonatología. |
| 650 | 0 | 4 | _aCuidados intensivos neonatales. |
| 650 | 0 | 4 | _aNeonatology. |
| 650 | 0 | 4 | _aNeonatal intensive care. |
| 910 |
_ajck _bncf _cncf _d20161228 |
||
| 910 |
_adbm _bksl _cksl _d20180601 |
||
| 942 |
_2ddc _cBOOK |
||
| 949 |
_a618.9201 T18 _wDEWEY _c1 _i75323 _lCCODEBUL1 _mBUL _p43.38 _r0 _sY _tBOOK _u2016-12-28 _xPOSGRADO _PP69 _0COMPRA _o.STAFF. Colección Ciencias de la Salud. |
||
| 994 |
_aC0 _bPEPRU |
||
| 596 | _a1 | ||
| 999 |
_a618.9201 T18 _wDEWEY _c14490 _i75323 _d14490 _f2021-11-4 _g5 _lCCODEBUL1 _mBUL _p43.38 _q1 _r0 _sY _tBOOK _u2016-12-28 _xSALUD _zP69 _0COMPRA _o.STAFF. Colección Ciencias de la Salud |
||
| 999 |
_a618.9201 T18 _wDEWEY _c2 _i75695 _d2018-5-8 _e2018-5-7 _f2021-11-4 _g5 _lCCODEBUL1 _mBUL _n1 _p59.89 _q2 _r0 _sY _tBOOK _u2017-2-7 _xSALUD _zP22 _o.STAFF. Colección Ciencias de la Salud |
||
| 999 |
_a618.9201 T18 _wDEWEY _c3 _i78524 _f2021-11-4 _g4 _lCCODEBUL1 _mBUL _p60.08 _r0 _sY _tBOOK _u2018-6-1 _xSALUD _PP22 _0COMPRA _1FCOMPRA _o.STAFF. Colección Ciencias de la Salud |
||
| 999 |
_a618.9201 T18 _wDEWEY _c4 _i79325 _d2022-6-9 _e2022-6-6 _f2021-11-4 _g5 _lCCODEBUL1 _mBUL _n1 _p56.31 _q1 _r0 _sY _tBOOK _u2018-11-7 _xSALUD _zP69 _0COMPRA _1FCOMPR2 _o.STAFF. Colección Ciencias de la Salud |
||
| 980 |
_81 _gALBERTO SANCHEZ Responsable de Automatización |
||